Normal view
MARC view
- Stone, Richard, James Devenney
Entry Personal Name
001 - CONTROL NUMBER
- control field: 6867
003 - CONTROL NUMBER IDENTIFIER
- control field: JO-AjAnu
005 - DATE AND TIME OF LATEST TRANSACTION
- control field: 20230606071419.0
008 - FIXED-LENGTH DATA ELEMENTS
- fixed length control field: 230606|| aca||aabn | a|a d
040 ## - CATALOGING SOURCE
- Original cataloging agency: JO-AjAnu
- Transcribing agency: JO-AjAnu
100 ## - HEADING--PERSONAL NAME
- Personal name: Stone, Richard, James Devenney
670 ## - SOURCE DATA FOUND
- Source citation: Work cat.: (JO-AjAnu)3558: Stone, Richard, James Devenney, author, Text, Cases and Materials on Contract Law